000
00316nam a22001457a 4500
008
210526b ||||| |||| 00| 0 eng d
020
_a
0534010334
041
_a
eng
080
_a
611
082
_a
611
100
_a
7
101
_a
ANA
245
_a
Human Anatomy and Physiology
_c
Creager,J.G
942
_2
udc
_c
BK
999
_c
57628
_d
57628